| 000 | 00346nam a2200121Ia 4500 | ||
|---|---|---|---|
| 008 | 231129s1996||||xx |||||||||||||| ||spa|| | ||
| 082 | _aER- 540 | ||
| 100 | _aVallejo Mejía César ... [et al.] | ||
| 245 | 0 | _aRisaralda: desafíos del desarrollo | |
| 260 | _c1996 | ||
| 264 | _aPereira: Fondo Editorial de Risaralda 1996 | ||
| 942 |
_2ddc _cBKS |
||
| 999 |
_c24124 _d24124 |
||